000 00281nam a22001337a 4500
020 _a978-93-91924-57-7
082 _a823
_bMAP/B
100 _aMAPLE KIDS
245 _aTHE BLUE JACKAL
260 _aNOIDA
_bMAPLE KIDS
_c2022
300 _a16
520 _aMORAL STORIES
942 _cBK
999 _c6839
_d6839